000 00705cam a2200217 a 4500
001 000018915
005 20200929165900.0
008 100520s1979 ve r 001 0 spa d
040 _aDO-SdBNP
_bspa
_cBNPHU
082 _a100.4
_bG827s
100 1 _aGrenier, Jean,
_d1898-
_940714
245 1 0 _aSobre el espíritu de ortodoxia /
_cJean Grenier.
260 _aCaracas :
_bMonte Ávila,
_c1979.
300 _a126 p. ;
_c20 cm.
504 _aIncluye bibliografía y notas al pie de páginas.
650 4 _aEscuela clásica de economía
_940715
650 4 _aÉtica cristiana
_9389
650 4 _aAnarquía
_xEnsayos, conferencias, etc.
_940716
910 _aValidado. Control de calidad EMS
049 _aBNGR
999 _c18433
_d18433